<?xml version="1.0" encoding="UTF-8"?>
<record
    xmlns:xsi="http://www.w3.org/2001/XMLSchema-instance"
    xsi:schemaLocation="http://www.loc.gov/MARC21/slim http://www.loc.gov/standards/marcxml/schema/MARC21slim.xsd"
    xmlns="http://www.loc.gov/MARC21/slim">

  <leader>00353nam a2200145Ia 4500</leader>
  <controlfield tag="008">191201s2009    xx            000 0 und d</controlfield>
  <datafield tag="082" ind1=" " ind2=" ">
    <subfield code="a">332.6</subfield>
    <subfield code="b">BHS</subfield>
  </datafield>
  <datafield tag="100" ind1=" " ind2=" ">
    <subfield code="a">BHATT, Sudhindra</subfield>
  </datafield>
  <datafield tag="245" ind1=" " ind2="0">
    <subfield code="a">Security Analysis and Portfolio Management</subfield>
  </datafield>
  <datafield tag="250" ind1=" " ind2=" ">
    <subfield code="a">Rep.</subfield>
  </datafield>
  <datafield tag="260" ind1=" " ind2=" ">
    <subfield code="a">N.Delhi</subfield>
    <subfield code="b">Excel Books</subfield>
    <subfield code="c">2009</subfield>
  </datafield>
  <datafield tag="300" ind1=" " ind2=" ">
    <subfield code="a">682</subfield>
  </datafield>
  <datafield tag="650" ind1=" " ind2=" ">
    <subfield code="a">MBA</subfield>
  </datafield>
  <datafield tag="942" ind1=" " ind2=" ">
    <subfield code="2">ddc</subfield>
    <subfield code="c">BK</subfield>
  </datafield>
  <datafield tag="999" ind1=" " ind2=" ">
    <subfield code="c">4109</subfield>
    <subfield code="d">4109</subfield>
  </datafield>
  <datafield tag="952" ind1=" " ind2=" ">
    <subfield code="0">0</subfield>
    <subfield code="1">0</subfield>
    <subfield code="2">ddc</subfield>
    <subfield code="4">0</subfield>
    <subfield code="7">0</subfield>
    <subfield code="8">MBA</subfield>
    <subfield code="a">PIET</subfield>
    <subfield code="b">PIET</subfield>
    <subfield code="d">2009-09-04</subfield>
    <subfield code="e">J B C, New Delhi</subfield>
    <subfield code="g">370.00</subfield>
    <subfield code="k">SI-2637</subfield>
    <subfield code="l">3</subfield>
    <subfield code="o">332.6 BHS</subfield>
    <subfield code="p">13630</subfield>
    <subfield code="r">2025-12-03 00:00:00</subfield>
    <subfield code="s">2025-11-20</subfield>
    <subfield code="w">2009-09-02</subfield>
    <subfield code="y">BK</subfield>
  </datafield>
  <datafield tag="952" ind1=" " ind2=" ">
    <subfield code="0">0</subfield>
    <subfield code="1">0</subfield>
    <subfield code="2">ddc</subfield>
    <subfield code="4">0</subfield>
    <subfield code="7">0</subfield>
    <subfield code="8">MBA</subfield>
    <subfield code="a">PIET</subfield>
    <subfield code="b">PIET</subfield>
    <subfield code="d">2009-09-04</subfield>
    <subfield code="e">J B C, New Delhi</subfield>
    <subfield code="g">370.00</subfield>
    <subfield code="k">SI-2637</subfield>
    <subfield code="l">1</subfield>
    <subfield code="o">332.6 BHS</subfield>
    <subfield code="p">13631</subfield>
    <subfield code="r">2023-11-25 00:00:00</subfield>
    <subfield code="s">2022-01-22</subfield>
    <subfield code="w">2009-09-02</subfield>
    <subfield code="y">BK</subfield>
    <subfield code="z">.</subfield>
  </datafield>
  <datafield tag="952" ind1=" " ind2=" ">
    <subfield code="0">0</subfield>
    <subfield code="1">0</subfield>
    <subfield code="2">ddc</subfield>
    <subfield code="4">0</subfield>
    <subfield code="7">0</subfield>
    <subfield code="8">MBA</subfield>
    <subfield code="a">PIET</subfield>
    <subfield code="b">PIET</subfield>
    <subfield code="d">2009-09-04</subfield>
    <subfield code="e">J B C, New Delhi</subfield>
    <subfield code="g">370.00</subfield>
    <subfield code="k">SI-2637</subfield>
    <subfield code="l">3</subfield>
    <subfield code="o">332.6 BHS</subfield>
    <subfield code="p">13632</subfield>
    <subfield code="r">2025-12-10 00:00:00</subfield>
    <subfield code="s">2025-11-27</subfield>
    <subfield code="w">2009-09-02</subfield>
    <subfield code="y">BK</subfield>
  </datafield>
</record>
